Sports Quiz

Random Sports Quiz

NFL Teams By League and Division Quiz Stats

 Plays Quiz not verified by Sporcle

Score 0/32 Timer 05:00
0 Plays Today
% Correct
New England Patriots
94%
New York Jets
92.7%
Miami Dolphins
91.8%
Pittsburgh Steelers
91.4%
Oakland Raiders
91.4%
Green Bay Packers
91.1%
New York Giants
91.1%
Baltimore Ravens
91%
Houston Texans
90.3%
Denver Broncos
90.1%
Dallas Cowboys
89.9%
Cleveland Browns
89.7%
Cincinnati Bengals
89.5%
Seattle Seahawks
89.5%
Washington Redskins
89%
San Diego Chargers
88.8%
% Correct
Chicago Bears
88.5%
Philadelphia Eagles
88.5%
San Francisco 49ers
88.4%
Minnesota Vikings
88.2%
Buffalo Bills
88.2%
Arizona Cardinals
87.7%
Kansas City Chiefs
86.6%
Carolina Panthers
86.6%
New Orleans Saints
86.6%
Detroit Lions
86%
Jacksonville Jaguars
85.1%
St. Louis Rams
85.1%
Indianapolis Colts
84.8%
Atlanta Falcons
84.5%
Tennessee Titans
81.1%
Tampa Bay Buccaneers
79.5%

You're not logged in!

Compare scores with friends on all Sporcle quizzes.
OR
Log In

Show Comments

Extras

Created Oct 31, 2010ReportNominate
Tags:division, league, team

Top Quizzes Today


Score Distribution

Your Account Isn't Verified!

In order to create a playlist on Sporcle, you need to verify the email address you used during registration. Go to your Sporcle Settings to finish the process.

Report this User

Report this user for behavior that violates our Community Guidelines.

Details: